Die lehre vom heiligen Geist. Einfürung in die Pneumatologie

Bewaard in:
Bibliografische gegevens
Hoofdauteur: Garijo-Guembe, Miguel María (Auteur)
Formaat: Boek
Taal:Duits
Gepubliceerd in: Münster Miguel Mª Garijo-Guembe 1990
Editie:1a. ed
Onderwerpen:
Tags: Voeg label toe
Geen labels, Wees de eerste die dit record labelt!

MARC

LEADER 00000cam a2200000 a 4500
001 UCE8237
003 CL-VaPUC
008 150728e19900000gw |||||||||||||||||ger|d
082 0 4 |a 231.3  |b GAR  |2 21 
100 0 |a Garijo-Guembe, Miguel María  |e author  |9 580966 
245 1 4 |a Die lehre vom heiligen Geist. Einfürung in die Pneumatologie 
250 |a 1a. ed 
300 |a 138 p 
942 |c BK 
945 |d 20150728 02:04:00  |a gsalatino 
260 |a Münster  |b Miguel Mª Garijo-Guembe  |c 1990 
600 0 7 |a ESPIRITU SANTO  |2 CL-VaPUC  |9 334587 
650 0 |a Teología   |9 258766 
650 7 |a SANTISIMA TRINIDAD  |2 CL-VaPUC  |9 479104 
583 |a last modification  |c 20150728 02:04:00  |k Rodrigo Vera 
999 |c 360176  |d 360174 
952 |0 0  |1 0  |3 erb  |4 0  |6 231_300000000000000_GAR_1990  |7 0  |8 A  |9 469827  |a BIBTEO  |b BIBTEO  |e Casale Rolle, Carlos Ignacio, -2014  |i 5185203  |o 231.3 GAR 1990  |p 5185203  |r 2025-01-17  |w 2019-11-23  |y BK  |z Catalogado en:20150728  |k ICR